000 02238cam a2200373 a 4500
001 000013561
003 DO-SdBNP
005 20250421111014.0
008 941019s1993 ck b 000 0 spa d
020 _a9586015211
040 _aDO-SdBNP
_bspa
_cBNPHU
082 _a338.18861
_bC737
245 0 0 _aCompetitividad sin pobreza :
_bestudios para el desarrollo del campo en Colombia /
_ccoordinadores ; Clara González y Carlos Felipe Jaramillo ; prólogo, Armando Montenegro ; traducción, Jimena Rueda ... [et al.].
260 _aSantafé de Bogotá, Colombia :
_bDepartamento Nacional de Planeación,
_c1993.
300 _axii, 530 p. ;
_c23 cm.
490 0 _aEconomía agraria
500 _aIncluye referencias bibliográficas y notas al pie de las páginas
520 1 _a"Serie de documentos encargados por la Nacional de Colombia Departamento de Planificación Contiene recomendaciones para la política agrícola en la década de 1990 y más allá, basado en tres estrategias principales: 1) una política macroeconómica prudente, 2) un aumento de la competitividad impulsada por la inversión de infraestructura y el fortalecimiento de la mecanismos para generar y transferir tecnología, y 3) la inversión social para mejorar el capital humano y reducir la pobreza. Varios artículos técnicos de expertos sobre el terreno justificar estas recomendaciones "- Handbook of Latin American Studies, v. 57.
650 4 _aAgricultura
_xAspectos económicos
_zColombia
_930378
650 4 _aColombia
_xCondiciones económicas
_y1970-
_930899
650 4 _aDesarrollo rural
_zColombia
_930602
651 4 _aColombia
_xCondiciones rurales
_930601
700 1 _aJaramillo, Carlos Felipe.
_927291
700 1 _aGonzález, Clara.
_930901
700 1 _aMontenegro, Armancdo
_eprólogo
_930904
700 1 _aRueda, Jimena
_etraductor
_930905
700 1 _aMadrid, José
_etraductor
_930906
700 1 _aGómez, José Luis
_etraductro
_930907
710 2 _aDepartamento Nacional de Planeacion
_930900
710 1 _aColombia.
_bDepartamento Nacional de Planeación.
_930902
710 1 _aColombia.
_bMinisterio de Hacienda y Crédito Público.
_930903
740 0 _aEstudios para el desarrollo del campo en Colombia.
942 _2ddc
_cLBS1
999 _c13183
_d13183